ՀՀ Գիտությունների ազգային ակադեմիայի հիմնարար գիտական գրադարան  =   Fundamental Scientific Library of NAS RA

Աւանդութիւններու վերակենսաւորման տարի 2025 ։ (Record no. 540278)

MARC details
000 -LEADER
fixed length control field 00954nam a2200205 a 4500
001 - CONTROL NUMBER
control field 2010564
003 - CONTROL NUMBER IDENTIFIER
control field AM-YEHGA
005 - DATE AND TIME OF LATEST TRANSACTION
control field 20260406153025.0
008 - FIXED-LENGTH DATA ELEMENTS--GENERAL INFORMATION
fixed length control field 250313s2025 le g|||gr|||||000|0|arm|d
040 ## - CATALOGING SOURCE
Original cataloging agency AM-YEHGA
041 0# - LANGUAGE CODE
Language code of text/sound track or separate title arm
044 ## - COUNTRY OF PUBLISHING/PRODUCING ENTITY CODE
MARC country code ai
100 0# - MAIN ENTRY--PERSONAL NAME
Personal name Արամ
Numeration Ա.
Fuller form of name Քեշիշյան
Titles and words associated with a name Կաթողիկոս,
Dates associated with a name 1947-
9 (RLIN) 3138
245 00 - TITLE STATEMENT
Title Աւանդութիւններու վերակենսաւորման տարի 2025 ։
Remainder of title Պատգամ Ն.Ս.Օ.Տ.Տ. Արամ Ա. Կաթողիկոսի Մեծի Տանն Կիլիկիոյ /
Statement of responsibility, etc. Կաթողիկոսութիւն Հայոց Մեծի Տանն Կիլիկիոյ.
260 ## - PUBLICATION, DISTRIBUTION, ETC.
Place of publication, distribution, etc. Անթիլիաս :
Name of publisher, distributor, etc. տպ. Կաթողիկոսութեան Հայոց Մեծի Տանն Կիլիկիոյ,
Date of publication, distribution, etc. 2025.
300 ## - PHYSICAL DESCRIPTION
Extent 16 էջ ;
Dimensions 29 սմ.
650 14 - SUBJECT ADDED ENTRY--TOPICAL TERM
Topical term or geographic name entry element Հայ եկեղեցու գործիչներ
9 (RLIN) 4735
710 2# - ADDED ENTRY--CORPORATE NAME
Corporate name or jurisdiction name as entry element Կաթողիկոսութիւն Հայոց Մեծի Տանն Կիլիկիոյ
9 (RLIN) 4895
942 ## - ADDED ENTRY ELEMENTS (KOHA)
Source of classification or shelving scheme Universal Decimal Classification
Koha item type Գրքեր / Books
Holdings
Withdrawn status Lost status Source of classification or shelving scheme Damaged status Not for loan Collection Home library Current library Date acquired Total checkouts Full call number Barcode Date last seen Price effective from Koha item type Public note
    Universal Decimal Classification     General Fundamental Scientific Library Fundamental Scientific Library 07/01/2026   AIII/9939 FL0701947 07/01/2026 07/01/2026 Գրքեր / Books 30 Days Loan


ՀՀ ԳԱԱ հիմնարար գիտական գրադարան
ՀՀ,Երևան 0019
Մարշալ Բաղրամյան 24/6
հեռախոս:(374-10) 52-47-50
Հետադարձ կապ

All site content, except where otherwise noted, is licensed under a
Creative Commons License